000 00597nam a22001937a 4500
005 20251108174928.0
008 250721s2009 xx 000 0 ara d
082 1 4 _a632/برب
100 1 _aبربندي، عبد الرحمن
245 1 0 _aحشرات و أمراض القطن /
264 1 _aدمشق :
_bدار ومؤسسة رسلان،
_c2009.
300 _a180ص.
650 1 7 _aالافات الحشرية
650 1 7 _aمكافحة الافات
650 1 7 _aمكافحة الحشرات
650 1 7 _aمكافحة الاعشاب الضارة
942 _2ddc
_cBK
999 _c121775
_d121775